000
00246nam a2200097Ia 4500
001
653726
005
20250826154504.0
008
250824s9999 xx 000 0 und d
245
0
_a
BERK MUCİT OLDU
_c
KAAN ELBİNGİL
260
_b
GÜNIŞIĞI YAYINLARI
999
_c
653726
_d
653726